Modern hindusim: (Record no. 150520)

MARC details
000 -LEADER
fixed length control field 00628nam a22001937a 4500
005 - DATE AND TIME OF LATEST TRANSACTION
control field 20180323140840.0
010 ## - LCCN (DPL NO)
LC control number ENG-122383
020 ## - INTERNATIONAL STANDARD BOOK NUMBER
Terms of availability 495.00
International Standard Book Number 9788126922826
035 ## - SYSTEM CONTROL NUMBER
System control number EN-105915
037 ## - SOURCE OF ACQUISITION
Source of stock number/acquisition DBAD/PUB
082 ## - DEWEY DECIMAL CLASSIFICATION NUMBER
Classification number 230
100 ## - MAIN ENTRY--PERSONAL NAME
Personal name Wilkins, W.J.
245 ## - TITLE STATEMENT
Title Modern hindusim:
Statement of responsibility, etc by W.J. Wilkins
Remainder of title an account of the religion and life of the hindus in northern india /
250 ## - EDITION STATEMENT
Edition statement IInd ed.
260 ## - PUBLICATION, DISTRIBUTION, ETC. (IMPRINT)
Place of publication, distribution, etc New Delhi
Name of publisher, distributor, etc Atlantic Publishers & Distributors
Date of publication, distribution, etc 2016
270 ## - ADDRESS
City New Delhi
Postal code 110002
Address 7/22, Ansari Road, Darya Ganj,
300 ## - PHYSICAL DESCRIPTION
Extent 270p.
Dimensions 22cm.(Hb)
Other physical details ill.
942 ## - ADDED ENTRY ELEMENTS (KOHA)
Source of classification or shelving scheme Dewey Decimal Classification
Item type English Books
Call number suffix WIL
Classification part 230
Holdings
Withdrawn status Lost status Not for loan Collection code Home library Current library Date acquired Source of acquisition Cost, normal purchase price Full call number Barcode Copy number Cost, replacement price Koha item type
    Not For Loan Non-fiction D.B.Act.Division D.B.Act.Division 23/03/2018 DBAD/PUB 495.00 230 WIL EN-105915 1 495.00 English Books

© Delhi Public Library
Hit Counter
free hit counter